000 00830nam a22002297a 4500
005 20130716120300.0
010 _aENG-107919-20
020 _c2695.00 (Set of 2 Vols)
_a9788180386473 (2 vols)
035 _aEN-91452-53
037 _bDBAD/PUB
082 _a343
100 _aPithisaria, M. K.
245 0 0 _aBusiness expenditure :
_cby M.K. Pithisaria [and] Mukesh Pithisaria
_bas amended by the Finance Act 2010 (14 of 2010) /
250 _a2010 ed
260 _aGurgaon
_bLexis Nexis
_c2010
270 _a14th Floor, Bldg. No.10, Tower-B, DLF Cyber City, Phase-II
_bGurgaon
_e122002
300 _a2 Vols (vol.1,cccliv,1-1024), (vol.2,cccliv,1025-1817)p.
_c24cm(Hb)
490 _aCompanion to Chaturvedi and Phthisaria's Income tax law
500 _aIncludes index
700 _aPithisaria, Mukesh
942 _2ddc
_cEN
_mPIT
999 _c77530
_d77530